Statistiques concernant Cantons Suisses - Carte Quiz

Cliquez ici pour prendre le quiz!

Statistiques générales

  • Ce quiz a été pris 6 826 fois
    (6 787 depuis la dernière actualisation)
  • Le résultat moyen est 13 sur 26

Réponses sur la Carte

Les réponses sont colorées sur une échelle allant du rouge au vert en fonction du pourcentage des utilisateurs qui les ont devinées à leur premier essai. Vous pouvez retrouver ces pourcentages ci-dessous.
 

Statistiques - réponses

Réponse% Correct
Genève
86%
Jura
72%
Vaud
67%
Berne
64%
Tessin
64%
Bâle-Ville
63%
Valais
63%
Fribourg
61%
Neuchâtel
60%
Grisons
59%
Bâle-Campagne
57%
Appenzell Rhodes-Intérieures
54%
Zurich
54%
Appenzell Rhodes-Extérieures
53%
Saint-Gall
47%
Schaffhouse
45%
Lucerne
43%
Soleure
42%
Argovie
40%
Thurgovie
35%
Obwald
34%
Schwytz
34%
Zoug
34%
Uri
33%
Glaris
31%
Nidwald
30%

Distribution des résultats

Percentile par nombre de réponses

% des personnes avec chaque résultat

Votre développement - résultats

Vous n’avez pas pris ce quiz depuis la dernière actualisation